000 01357nam a2200277Ia 4500
999 _c5117
_d5117
003 OSt
005 20200330162619.0
008 191128s1989 ck gr 000 0 spa d
020 _a9580408394
040 _aCO-JMCR
_cCO-JMCR
041 1 _aspa
_heng
082 0 4 _a320.9 /
_bD781n
_221
100 1 _aDrucker, Peter F.,
_eautor
_92219
245 1 4 _aLas nuevas realidades en el gobierno y la política, en la economía y los negocios, en la sociedad y en la perspectiva mundial /
_cPeter F. Drucker ; traducción, Jorge Cárdenas Nannetti
260 _aBogotá :
_bNorma,
_c1989
300 _a260 páginas ;
_c23 cm
505 0 _aLas realidades políticas -- Gobierno y proceso político -- Economía, ecología y teoría económica -- La nueva sociedad ilustrada
520 _aDe este libro, Peter Drucker dice su tesis es que el próximo siglo ya está aquí, que ya hemos avanzado en él un buen trecho. No conocemos las soluciones, pero sí los problemas y podemos precisar las líneas de conducta.
534 _pThe new realities
546 _aTraducido del inglés
650 1 4 _aPolítica internacional
_xEnsayos
_ySiglo XX
_92220
650 1 4 _aEconomía internacional
_xensayos
_ySiglo XX
_92221
650 1 4 _aNegocios
_xensayos, conferencias, etc.
_ySiglo XX
_92222
700 1 _aCárdenas Nannetti, Jorge,
_etraductor
_92223
942 _2ddc
_cBK